header

Girls' education in the 21st century (Record no. 31940)

MARC details
000 -LEADER
fixed length control field 01620nam a2200397Ia 4500
082 04 - DEWEY DECIMAL CLASSIFICATION NUMBER
Classification number 371.822
245 00 - TITLE STATEMENT
Title Girls' education in the 21st century
260 ## - PUBLICATION, DISTRIBUTION, ETC. (IMPRINT)
Place of publication Washington DC :
Name of publisher World Bank,
Year of publication c2008.
300 ## - PHYSICAL DESCRIPTION
Number of Pages xxix, 313 p. :
Other physical details ill.
490 1# - SERIES STATEMENT
Series statement Directions in development. Human development
650 #0 - SUBJECT ADDED ENTRY--TOPICAL TERM
Topical Term Educational equalization
Topical Term Women
Topical Term Women
700 1# - ADDED ENTRY--PERSONAL NAME
Personal name Fort, Lucia.
Personal name Tembon, Mercy.
856 40 - ELECTRONIC LOCATION AND ACCESS
Uniform Resource Identifier http://site.ebrary.com/lib/rucke/Doc?id=10252460

No items available.

© 2026 Rongo University
Contact us: librarian | system librarian | Rongo university